Loading...
| History - Other | 0 | 7 | 0 | 0 | 70 | 33 | 52.57 | 3 | 6 | 0.00 | 0.00 |
| History - American | 0 | 7 | 0 | 1 | 70 | 42 | 54.57 | 2 | 6 | 0.00 | 0.00 |
| History - European | 0 | 7 | 1 | 1 | 65 | 9 | 44.57 | 3 | 6 | 0.00 | 0.00 |
| History - World | 0 | 6 | 1 | 0 | 55 | 28 | 37.67 | 4 | 4 | 0.00 | 0.00 |
| Science - Other | 0 | 4 | 0 | 2 | 40 | 23 | 65.50 | 2 | 3 | 0.00 | 0.00 |
| Mythology | 0 | 4 | 1 | 1 | 35 | 37 | 75.50 | 1 | 3 | 0.00 | 0.00 |
| Social Science | 0 | 3 | 0 | 0 | 30 | 41 | 59.00 | 2 | 3 | 0.00 | 0.00 |
| Current Events | 0 | 2 | 1 | 0 | 15 | 39 | 57.00 | 2 | 2 | 0.00 | 0.00 |
| Literature - World | 0 | 1 | 0 | 0 | 10 | 18 | 18.00 | 1 | 1 | 0.00 | 0.00 |
| Fine Arts - Other | 0 | 1 | 0 | 0 | 10 | 82 | 82.00 | 0 | 1 | 0.00 | 0.00 |
| Fine Arts - Classical Music | 0 | 1 | 0 | 0 | 10 | 89 | 89.00 | 0 | 1 | 0.00 | 0.00 |
| Religion | 0 | 2 | 3 | 2 | 5 | 114 | 114.50 | 0 | 1 | 0.00 | 0.00 |
| Geography | 0 | 1 | 1 | 0 | 5 | 74 | 74.00 | 1 | 1 | 0.00 | 0.00 |
| Literature - European | 0 | 0 | 0 | 0 | 0 | 0.00 | 0 | 0 | 0.00 | 0.00 | |
| Painting/Sculpture | 0 | 0 | 1 | 0 | -5 | 0.00 | 0 | 0 | 0.00 | 0.00 | |
| Literature - British | 0 | 0 | 1 | 0 | -5 | 0.00 | 0 | 0 | 0.00 | 0.00 | |
| Literature - American | 0 | 0 | 1 | 0 | -5 | 0.00 | 0 | 0 | 0.00 | 0.00 | |
| Pop Culture | 0 | 0 | 1 | 0 | -5 | 0.00 | 0 | 0 | 0.00 | 0.00 |